| 000 | 00899nam a2200289 i 4500 | ||
|---|---|---|---|
| 001 | 19431 | ||
| 003 | ES-MaACL | ||
| 005 | 20250814085954.0 | ||
| 007 | t| | ||
| 008 | 020823s2001 sp ||||1| spa d | ||
| 020 | _a84-460-1667-2 | ||
| 080 | _a791.43-24 | ||
| 080 | _a371.686 | ||
| 100 | 1 |
_aMonterde, José Enrique. _982466 |
|
| 245 | 1 | 3 |
_aLa representación cinematográfica de la historia / _cJosé Enrique Monterde, Marta Selva, Anna Solá. |
| 260 |
_aMadrid : _bAkal, _c[2001] |
||
| 300 |
_a247 p. ; _c24 cm. |
||
| 490 | 1 |
_aAkal referentes ; _v5 |
|
| 504 | _aBibliografía: p. 237-247. | ||
| 650 | 1 | 7 |
_aCine histórico _2embne _911035 |
| 650 | 7 |
_aCine e historia _2embne _911033 |
|
| 700 | 1 |
_aSelva, Marta. _9105353 |
|
| 700 | 1 |
_aSolà i Arguimbau, Anna. _9107041 |
|
| 830 | 1 |
_aAkal referentes ; _v5 _9228886 |
|
| 852 |
_aES-MaACL _jL-25864 |
||
| 999 |
_c19431 _d19431 |
||